00862nam a2200205 a 450000100060000000300090000600800410001502000120005604000280006808200140009610000220011024500780013226001230021030000100033349000370034350001910038065000360057165000160060765000330062310594CO-ViMGA141112s2004 ck r 000 u spa d a6950144 aCO-ViMGAbspacCO-ViMGA04a498.6 D621 aLandaburu ; Jon, 10aDocumentos sobre Lenguas Aborigenes de Colombia del Archivo de Paul Rivet aSantafé de Bogotá : bEdiciones Uniandes centro Colombiano de Estudios de Lenguas Aborigens, cColciencias, c1999 a349p. aLenguas Aborígenes de Colombia aVol. I Lenguas de la Amazonía Colombiana. Vol. II Lenguas de la Orinoquía y del Norte de Colombia. Vol. III Lenguas del sur de Colombia. Vol. IV Lenguas del Occidente de Colombia . 14aINDIGENAS DE COLOMBIA - LENGUAS14aLENGUAS BUA14aLENGUAS INDIGENAS - COLOMBIA